000 00958nam a2200289 4500
003 OSt
005 20260530113919.0
008 260520b2017 xxua|||| |||| 00| 0 eng d
020 _a9781452156439
040 _aICI
_bspa
_cICI
041 _aeng
050 0 _aNC1766.U53
_bC63
100 _eautor
245 0 4 _aThe Art of Coco /
_cDisney Pixar ; foreword by John Lasseter ; introductions by Lee Unkrich & Adrian Molina
264 1 _aSan Francisco :
_bChronicle Books,
_c2017
300 _a160 páginas :
_bilustraciones a color
336 _2rdacontent
_atexto
337 _2rdamedia
_asin medio
338 _2rdacarrier
_avolumen
630 0 _aCoco (Motion picture)
_934448
650 0 _aPelículas animadas
_zEstados Unidos
_934449
700 1 _aLasseter, John,
_eprologuista
_934450
700 1 _aUnkrich, Lee,
_eprologuista
_934451
700 1 _aMolina, Adrian,
_eprologuista
_934452
710 2 _aPixar (Firma comercial)
_934453
942 _2lcc
_n1
_cBK
999 _c12400
_d12400